How the Japanese learn to work
This book introduce the general system. Who goes where? Vocational streams in the mainline formal education system. Post-secondary, non-university VET. Private sector, non-univesity training schools...
Saved in:
| Main Author: | |
|---|---|
| Format: | Book |
| Language: | Undetermined |
| Published: |
London
Routledge
1989
|
| Subjects: | |
| Tags: |
Add Tag
No Tags, Be the first to tag this record!
|
| Institutions: | Trung tâm Học liệu Trường Đại học Cần Thơ |
|---|
| LEADER | 00760nam a2200205Ia 4500 | ||
|---|---|---|---|
| 001 | CTU_228942 | ||
| 008 | 210402s9999 xx 000 0 und d | ||
| 082 | |a 373.2460952 | ||
| 082 | |b D695 | ||
| 100 | |a Dore, Ronald | ||
| 245 | 0 | |a How the Japanese learn to work | |
| 245 | 0 | |c Ronald P. Dore, Mari Sako | |
| 260 | |a London | ||
| 260 | |b Routledge | ||
| 260 | |c 1989 | ||
| 520 | |a This book introduce the general system. Who goes where? Vocational streams in the mainline formal education system. Post-secondary, non-university VET. Private sector, non-univesity training schools... | ||
| 650 | |a Đào tạo nghề,Occupational training | ||
| 650 | |z Nhật Bản,Japan | ||
| 910 | |b dqhieu | ||
| 980 | |a Trung tâm Học liệu Trường Đại học Cần Thơ | ||